| 000 | 00374nam a22001697a 4500 | ||
|---|---|---|---|
| 005 | 20260619114311.0 | ||
| 020 | _a9789391793647 | ||
| 041 | _aEnglish | ||
| 082 | _aT13 R24 RAJ | ||
| 100 | _aRajamkrishnan | ||
| 245 | _aSulalil Mithakkum Deepangal | ||
| 250 | _a01 | ||
| 260 |
_aChennai _bCholan Publications _c2024 |
||
| 300 | _a112 | ||
| 365 | _b225.00 | ||
| 942 | _cBK | ||
| 999 |
_c177960 _d177960 |
||